Library Logo

Pioneer International University Library Catalogue

Intermediate accounting. (Record no. 3437)

MARC details
000 -LEADER
fixed length control field 00581cam a2200181 a 4500
005 - DATE AND TIME OF LATEST TRANSACTION
control field 20250901165414.0
008 - FIXED-LENGTH DATA ELEMENTS--GENERAL INFORMATION
fixed length control field 991018s2000 ohua b 001 0 eng
010 ## - LIBRARY OF CONGRESS CONTROL NUMBER
LC control number 99054496
020 ## - INTERNATIONAL STANDARD BOOK NUMBER
International Standard Book Number 0324013078 (alk. paper)
050 00 - LIBRARY OF CONGRESS CALL NUMBER
Classification number HF5635 .S5946 2000
Item number .S5946 2000
082 00 - DEWEY DECIMAL CLASSIFICATION NUMBER
Classification number 657/.044
Edition information 21
100 1# - MAIN ENTRY--PERSONAL NAME
Personal name Skousen, K. Fred.
245 10 - TITLE STATEMENT
Title Intermediate accounting.
250 ## - EDITION STATEMENT
Edition statement Ed. 14 /
Remainder of edition statement K. Fred Skousen, Earl K. Stice, James D. Stice.
260 ## - PUBLICATION, DISTRIBUTION, ETC.
Place of publication, distribution, etc. Cincinnati, Ohio :
Name of publisher, distributor, etc. South-Western College Pub.,
Date of publication, distribution, etc. c2000.
300 ## - PHYSICAL DESCRIPTION
Extent xxx, 1254, [155] p. :
Other physical details col. ill. ;
Dimensions 29 cm.
942 ## - ADDED ENTRY ELEMENTS (KOHA)
Source of classification or shelving scheme Dewey Decimal Classification
Holdings
Withdrawn status Lost status Source of classification or shelving scheme Damaged status Not for loan Home library Current library Shelving location Date acquired Total checkouts Full call number Barcode Date last seen Date last checked out Price effective from Koha item type
    Library of Congress Classification     Main Library Main Library   03/24/2021 1 HF5635.S5946 2000 PIU0002278 10/12/2021 09/27/2021 03/24/2021 Books